Superbowl Losers - Statistics

General Stats
  • This quiz has been taken 55 times
  • The average score is 54 of 58
Answer Stats
Hint Answer % Correct
2023 49ers
100%
2019 49ers
100%
2012 49ers
100%
2017 Patriots
100%
2011 Patriots
100%
2007 Patriots
100%
1996 Patriots
100%
1985 Patriots
100%
1993 Bills
98%
1992 Bills
98%
1991 Bills
98%
1990 BIlls
98%
2020 Chiefs
98%
1966 Chiefs
98%
2018 Rams
98%
2001 Rams
98%
1979 Rams
98%
2006 Bears
96%
2021 Bengals
96%
1988 Bengals
96%
1981 Bengals
96%
1978 Cowboys
96%
1975 Cowboys
96%
1970 Cowboys
96%
2022 Eagles
96%
2004 Eagles
96%
1980 Eagles
96%
2015 Panthers
96%
2003 Panthers
96%
2013 Broncos
94%
1989 Broncos
94%
1987 Broncos
94%
1986 Broncos
94%
1977 Broncos
94%
2016 Falcons
94%
1998 Falcons
94%
2014 Seahawks
94%
2005 Seahawks
94%
2010 Steelers
94%
1995 Steelers
94%
2000 Giants
92%
1997 Packers
92%
2009 Colts
90%
1968 Colts
90%
2002 Raiders
90%
1967 Raiders
90%
1983 Redskins
90%
1972 Redskins
90%
1994 Chargers
88%
1976 Vikings
88%
1974 Vikings
88%
1973 Vikings
88%
1969 Vikings
88%
1984 Dolphins
85%
1982 Dolphins
85%
1971 Dolphins
85%
2008 Cardinals
83%
1999 Titans
83%
No matching quizzes found
Score Distribution
Percent of People with Each Score
Percentile by Number Answered
Your Score History
You have not taken this quiz